书目信息 |
| 题名: |
结构工程细部做法
|
|
| 作者: | 贾洪 , 钱增志 , 方宏伟 主编 ;中铁建设集团有限公司 主编 | |
| 分册: | ||
| 出版信息: | 北京 中国建筑工业出版社 2017.04 |
|
| 页数: | 195页 | |
| 开本: | 26cm | |
| 丛书名: | 建筑工程施工质量标准化指导丛书 | |
| 单 册: | ||
| 中图分类: | TU3-65 | |
| 科图分类: | ||
| 主题词: | 建筑结构--结构工程--工程施工--标准化 | |
| 电子资源: | ||
| ISBN: | 978-7-112-20581-3 | |
| 000 | 01186oam2 2200301 450 | |
| 001 | 0100004480 | |
| 005 | 20190305153656.85 | |
| 010 | @a978-7-112-20581-3@dCNY78.00 | |
| 100 | @a20170627d2017 em y0chiy50 ea | |
| 101 | 0 | @achi |
| 102 | @aCN@b110000 | |
| 105 | @aa z 000yy | |
| 200 | 1 | @a结构工程细部做法@Ajie gou gong cheng xi bu zuo fa@f中铁建设集团有限公司主编 |
| 210 | @a北京@c中国建筑工业出版社@d2017.04 | |
| 215 | @a195页@c图@d26cm | |
| 225 | 2 | @a建筑工程施工质量标准化指导丛书 |
| 314 | @a主编:贾洪,钱增志,方宏伟 | |
| 330 | @a本书详细介绍了结构工程细部施工的相关条文规定、施工方法、构造措施、施工管理与质量控制等内容。全书分为三章,钢筋工程、模板工程、混凝土工程。图书内容实用,语言平实,并配有大量施工图片给予直观认识。 | |
| 333 | @a施工技术研究人员 | |
| 410 | 0 | @12001 @a建筑工程施工质量标准化指导丛书 |
| 606 | 0 | @a建筑结构@x结构工程@x工程施工@x标准化 |
| 690 | @aTU3-65@v5 | |
| 701 | 0 | @a贾洪@Ajia hong@4主编 |
| 701 | 0 | @a钱增志@Aqian zeng zhi@4主编 |
| 701 | 0 | @a方宏伟@Afang hong wei@4主编 |
| 711 | 02 | @a中铁建设集团有限公司@Azhong tie jian she ji tuan you xian gong si@4主编 |
| 801 | 0 | @aCN@c201701015 |
| 905 | @a河南城建学院图书馆@dTU3-65@eZ696 | |
| 结构工程细部做法/中铁建设集团有限公司主编.-北京:中国建筑工业出版社,2017.04 |
| 195页:图;26cm.-(建筑工程施工质量标准化指导丛书) |
| 使用对象:施工技术研究人员 |
| ISBN 978-7-112-20581-3:CNY78.00 |
| 本书详细介绍了结构工程细部施工的相关条文规定、施工方法、构造措施、施工管理与质量控制等内容。全书分为三章,钢筋工程、模板工程、混凝土工程。图书内容实用,语言平实,并配有大量施工图片给予直观认识。 |
| ● |
| 相关链接 |
|
|
|
正题名:结构工程细部做法
索取号:TU3-65/Z696
 
预约/预借
| 序号 | 登录号 | 条形码 | 馆藏地/架位号 | 状态 | 备注 |
| 1 | 1305526 | 213055263 | 建筑库101/101建筑库 77排1列1层/ [索取号:TU3-65/Z696] | 在馆 | |
| 2 | 1337846 | 213378469 | 建筑库101/101建筑库 77排1列1层/ [索取号:TU3-65/Z696] | 在馆 | |
| 3 | 1337847 | 213378478 | 建筑库101/101建筑库 77排1列1层/ [索取号:TU3-65/Z696] | 在馆 |